000 00293nam a2200121Ia 4500
005 20251222155154.0
008 251222s9999||||xx |||||||||||||| ||spa||
082 _aMAN.19
100 _aMinsa - Lima.
245 0 _aPrograma Control Fiebre Reumática - Normas
264 _bMinsa
942 _cLIB
999 _c39695
_d39695